Responses for Show #1990 - Friday, April 9, 1993

David Tiemann game 4.

Contestants

[<< previous game]

H. Bhabra, a novelist originally from Bombay, India

Nancy Waits, a data security analyst from Lambertville, New Jersey

David Tiemann, a high school teacher from Brunswick, Maine (whose 3-day cash winnings total $37,999)

[next game >>]

Jeopardy! Round responses

U.S. CITIES
BUSINESS & INDUSTRY
FILMS OF THE '70s
BAGS
THE BIBLE
ORIGINAL "SYN"
    $100 1
Helena

Nancy
    $100 6
Levi Strauss

David
    $100 11
The Exorcist

H.
    $100 13
wool

Nancy
    $100 26
heaven

David
    $100 16
a synagogue

Nancy
    $200 2
(David: What is Austin, Texas?)

San Antonio

DavidNancy
    $200 7
Mexico

H.
    $200 12
One Flew Over the Cuckoo's Nest

Nancy
    $200 14
sleeping bags

David
    $200 27
Jericho

David
    $200 17
synchronized swimming

David
    $300 3
Newark

David
    $300 8
copper

David
    $300 21
Play It Again, Sam

Triple Stumper
    $300 15
crash bags (airbags)

Nancy
    $300 28
Job

David
    $300 18
a synapse

David
    $400 4
Philadelphia

David
    $400 9
Kelloggs

H.
    $400 22
Klute

Nancy
    $400 24
a vacuum cleaner

David
    $400 29
Leviticus

Nancy
    $600 19
(Alex: David? ... Hurry.)
(David: I'm drawing a blank.)
(Alex: Aw, that's too bad, it's "The [*] Clock".)

syncopated

David
    $500 5
Minneapolis

David
    $500 10
Pan American

H.
    $500 23
Last Tango in Paris

David
    $500 25
tea bags

David
    $500 30
Andrew

H.
    $500 20
syntax

H.

Scores at the first commercial break (after clue 15):

David Nancy H.
$1,600 $900 $1,200

Scores at the end of the Jeopardy! Round:

David Nancy H.
$3,500 $1,800 $2,200

Double Jeopardy! Round responses

DEMOCRATS
ISLANDS
LITERARY WOMEN
BATTLES
MYTHOLOGY
THE ENVIRONMENT
    $200 1
Lyndon Johnson

H.
    $200 4
Maryland

H.
    $200 3
(Nancy: Who is Rebecca of Sunnybrook Farms?)

Rebecca of Sunnybrook Farm

DavidNancy
    $200 12
the Battle of Little Bighorn

Nancy
    $200 26
a centaur

Nancy
    $200 19
billboards

H.
    $400 2
David Dinkins

Triple Stumper
    $400 5
Greenland

H.
    $2,300 17
Mary Shelley

H.
    $400 13
the Battle of Marathon

David
    $400 27
Egyptian

H.
    $400 21
ozone

David
    $600 9
(H.: What is Alaska?)

Hawaii

NancyH.
    $600 6
Indonesia

David
    $600 18
Sylvia Plath

David
    $600 14
the Luftwaffe

David
    $600 28
Ireland

H.
    $600 22
(Nancy: What is the World Wile--Wildlife Federation?)

the World Wildlife Fund

DavidNancy
    $800 10
Oklahoma

David
    $800 7
Zanzibar

David
    $800 20
(Katherine Anne) Porter

Nancy
    $800 15
the Punic Wars

H.
    $800 29
Priam

H.
    $800 23
condors

David
    $1000 11
(Nancy: Who is Gray?)

Ron Brown

DavidNancy
    $1,200 8
Tierra del Fuego

David
    $1000 25
Marjorie Kinnan Rawlings

David
    $1000 16
(David: What is the Battle of Sevastopol?)

The Battle of Balaklava

David
Triple Stumper
    $1000 30
Loki

Nancy
    $1000 24
Bhopal

H.

Scores at the end of the Double Jeopardy! Round:

David Nancy H.
$11,500 $2,800 $8,500

[wagering suggestions for these scores]

Final Jeopardy! Round responses

NEWS OF THE '30s
(Alex: [To Nancy] In those days before miracle babies--five of them born.)
NancyWhat is the Dionne Quintuplets?
$2,700
H.What are quins?
$2,400
DavidWhat [letter scratched out] are Eskimos (Inuit)?
$6,000
the Dionne quintuplets

Final scores:

David Nancy H.
$5,500 $5,500 $6,100
2nd place: trip on Delta to Ixtapa, Mexico & stay at the Krystal Ixtapa 3rd place: Sunflowers silkscreen by Alex Echo + Wheel of Fortune & Jeopardy! for the Super Nintendo Entertainment System & Sega Genesis New champion: $6,100

Game dynamics:

Coryat scores:

David Nancy H.
$11,900 $2,800 $6,600
27 R
(including 1 DD),
3 W
(including 1 DD)
13 R,
3 W
16 R
(including 1 DD),
1 W

Combined Coryat: $21,300

[game clues] [game scores] [suggest correction]

Game tape date: 1992-12-07
The J! Archive is created by fans, for fans. Scraping, republication, monetization, and malicious use prohibited; this site may use cookies and collect identifying information. See terms. The Jeopardy! game show and all elements thereof, including but not limited to copyright and trademark thereto, are the property of Jeopardy Productions, Inc. and are protected under law. This website is not affiliated with, sponsored by, or operated by Jeopardy Productions, Inc. Join the discussion at JBoard.tv.